Quiz sur le Canton de Vaud - Statistiques

Statistiques générales
  • Ce quiz a été pris 783 fois
  • Le résultat moyen est 14 sur 20
Statistiques - réponses
Question Réponse % Correct
Chef-lieu et plus grande ville Lausanne
100%
Lac au sud du canton Léman
99%
Sigle de deux lettres pour désigner le canton VD
98%
Lac au nord du canton Lac de Neuchâtel
91%
3ème plus grande ville connue pour ses festivals Montreux
89%
Multinationale de l'agroalimentaire créée à Vevey en 1866 Nestlé
83%
Acteur britannique au chapeau melon qui s'est réfugié à Corsier-sur-Vevey Charlie Chaplin
80%
Chaîne de montagne à l'ouest du canton Jura
80%
Joueur de tennis au 3 titres du Grand Chelem (2014-2016) Stan Wawrinka
80%
2ème ville du canton, qui possède des thermes Yverdon-les-Bains
78%
Devise inscrite en lettre d'or sur le drapeau Liberté et {Patrie}
76%
Château où se trouve un prisonnier de Lord Byron (1816) Château de {Chillon}
71%
Ce qu'est en vaudois une panosse Serpillère
64%
Cité et canton qui occupa le Pays de Vaud de 1531 à 1798 Berne
63%
Vignoble en terrasse au patrimoine mondial de l'UNESCO Lavaux
63%
"Siège olympique" basé dans la capitale vaudoise CIO
56%
Charcuterie IGP qui porte un petit badge vert {Saucisson} vaudois
49%
Nom du canton en allemand Waadt
49%
Date d'entrée dans la confédération 1803
27%
Auteur d'Aline d'origine campagnarde C.F. Ramuz
24%
Aucun quiz correspondant
Distribution des résultats
% des personnes avec chaque résultat
Percentile par nombre de réponses
Votre historique - résultats
Vous n’avez pas pris ce quiz